[Event "Challenge"]
[Site "http://www.queenalice.com/game.php?id=1864989"]
[Date "2025.11.1"]
[Round "-"]
[White "ChrisBidlack"]
[Black "MisterTibs"]
[Result "1/2-1/2"]
[WhiteElo "2000"]
[BlackElo "2343"]

1. h4 h5 2. e4 e5 3. Nf3 Nc6 4. a4 a5 5. Bb5 d6 6. Bxc6+ bxc6 7. d3 Bg4 8. O-O
Nf6 9. Bg5 Be7 10. Nbd2 c5 11. g3 O-O 12. Qe1 Qd7 13. Bxf6 Bxf6 14. Qe3 g6 15.
Nh2 Be6 16. b3 c6 17. c4 Qe7 18. Nhf3 Bg4 19. Nh2 Bd7 20. Kg2 Be6 21. Ndf3 Qd7
22. Rh1 Rfb8 23. Nd2 Qe7 24. Nhf3 Bg4 25. Ng5 Bxg5 26. Qxg5 Qxg5 27. hxg5 Kg7
28. f3 Be6 29. Rab1 Rf8 30. f4 exf4 31. gxf4 Bg4 32. Rbe1 Rfe8 33. Nf3 Rab8 34.
Rb1 Rb4 35. Rb2 Reb8 36. Rhb1 Bxf3+ 37. Kxf3 f6 38. gxf6+ Kxf6 39. Kg3 Re8 40.
Kh4 Re7 41. Rf1 Reb7 42. Rfb1 Re7 43. Re1 Reb7 44. Reb1 Re7 45. Re1 Reb7 46.
Reb1 Rd7 47. Rd1 Rdb7 48. Rdb1 Re7 49. Re1 1/2-1/2

[Event "Challenge"]
[Site "http://www.queenalice.com/game.php?id=1865368"]
[Date "2025.11.9"]
[Round "-"]
[White "ChrisBidlack"]
[Black "MisterTibs"]
[Result "0-1"]
[WhiteElo "2070"]
[BlackElo "2291"]

1. a4 a5 2. h4 h5 3. g3 e5 4. e4 Nf6 5. Nf3 Nc6 6. Bh3 Bc5 7. O-O d6 8. Bxc8
Rxc8 9. Kg2 Nd4 10. d3 O-O 11. Nc3 Nxf3 12. Qxf3 Qd7 13. Nd5 Nxd5 14. exd5 Qg4
15. Be3 Qxf3+ 16. Kxf3 Bxe3 17. Kxe3 f5 18. f4 exf4+ 19. Rxf4 g6 20. b4 axb4 21.
Rxb4 b6 22. a5 bxa5 23. Rxa5 Kg7 24. Rc4 Rfe8+ 25. Kf2 Re7 26. Ra7 Kf6 27. Ra6
Ke5 28. Ra5 Kf6 29. Kf3 g5 30. hxg5+ Kxg5 31. Raa4 Re5 32. Rd4 Rce8 33. c4 Rb8
34. Ra3 Rb1 35. Ra2 Rbe1 36. Kf2 Re7 37. c5 dxc5 38. Rc4 Rd1 39. Rac2 Rxd3 40.
Rxc5 Rd7 41. Rxc7 R3xd5 42. Rxd7 Rxd7 43. Re2 Rd3 44. Re5 Kg4 45. Re8 Rf3+ 46.
Kg2 Rxg3+ 47. Kh2 Ra3 48. Rg8+ Kf4 49. Rh8 Ra2+ 50. Kh1 Kg3 51. Rxh5 Ra1# 0-1

[Event "Challenge"]
[Site "http://www.queenalice.com/game.php?id=1865369"]
[Date "2025.11.9"]
[Round "-"]
[White "ChrisBidlack"]
[Black "MisterTibs"]
[Result "0-1"]
[WhiteElo "2050"]
[BlackElo "2306"]

1. a4 a5 2. b3 e5 3. e4 Nf6 4. d3 Bb4+ 5. Bd2 Bxd2+ 6. Nxd2 d5 7. Be2 d4 8. Ndf3
Nc6 9. Ng5 O-O 10. N1f3 Bg4 11. h3 Bxf3 12. Nxf3 Qd6 13. O-O Ne7 14. Nh4 Ng6 15.
Nf3 Nf4 16. g3 Nxe2+ 17. Qxe2 Qd7 18. Nxe5 Qxh3 19. Qf3 Rfe8 20. g4 Qxf3 21.
Nxf3 Nxg4 22. Nxd4 Rad8 23. Nf3 Ne5 24. Kg2 Ng6 25. Rfe1 Ne5 26. Re2 Nc6 27. Kg3
Nb4 28. Kg4 Nc6 29. Ng5 Nd4 30. Rd2 h6 31. Nh3 Nc6 32. Nf4 g6 33. Kf3 Nb4 34.
Rg1 Nc6 35. Nd5 Nd4+ 36. Kg2 Re6 37. Nxc7 Rc6 38. Nd5 Rxc2 39. Rxc2 Nxc2 40. Rd1
Nd4 41. Rc1 Rd6 42. Rc7 b6 43. Rb7 Nxb3 44. Rxb6 Rxb6 45. Nxb6 Nc5 46. Nc4 Nxd3
47. Nxa5 Nb2 48. Nc6 Nxa4 49. Kf3 Nc5 50. Kf4 Kg7 51. Ke5 h5 52. Kd5 Ne6 53. Kd6
h4 54. Ne5 g5 55. Ke7 h3 56. Ng4 Nf8 57. Kd6 Kg6 58. e5 Kf5 59. Nh2 Ng6 60. f4
Nxf4 61. Ke7 Kxe5 62. Kxf7 Kf5 63. Kg7 g4 64. Kh6 g3 65. Nf3 h2 66. Nh4+ Kg4 67.
Kg7 Kxh4 68. Kf6 g2 69. Kf5 g1=Q 70. Ke4 h1=Q+ 71. Kf5 Qg5# 0-1

[Event "Challenge"]
[Site "http://www.queenalice.com/game.php?id=1865370"]
[Date "2025.11.9"]
[Round "-"]
[White "ChrisBidlack"]
[Black "MisterTibs"]
[Result "1-0"]
[WhiteElo "2043"]
[BlackElo "2311"]

1. a4 a5 2. Nf3 d5 3. d4 Nf6 4. e3 Bg4 5. Nbd2 e6 6. Be2 Bd6 7. c4 dxc4 8. Nxc4
Bb4+ 9. Bd2 Bxd2+ 10. Qxd2 b6 11. Nce5 O-O 12. O-O Nbd7 13. Nxd7 Nxd7 14. h3
Bxf3 15. Bxf3 Rb8 16. b4 axb4 17. Qxb4 Nf6 18. Rfc1 Rc8 19. a5 bxa5 20. Rxa5 Rb8
21. Qc4 c6 22. Rc5 Rb2 23. Rxc6 Rb1 24. Rxb1 Qd7 25. Rc7 Qd6 26. Rc8 g6 27.
Rxf8+ Kxf8 28. Qc8+ Kg7 29. Rb8 Nd5 30. Bxd5 Qxd5 31. Qf8+ Kf6 32. Qd8+ Qxd8 33.
Rxd8 h5 34. g4 hxg4 35. hxg4 g5 36. Kg2 Ke7 37. Rg8 Kf6 38. Kg3 Ke7 39. Rxg5 Kf6
40. Rh5 Kg6 41. Kf4 Kf6 42. g5+ Ke7 43. Ke5 Kf8 44. Kf6 Kg8 45. g6 fxg6 46. Rg5
Kh7 47. Rxg6 Kh8 48. Kxe6 Kh7 49. Rf6 Kg7 50. d5 1-0

[Event "Challenge"]
[Site "http://www.queenalice.com/game.php?id=1866396"]
[Date "2025.11.30"]
[Round "-"]
[White "ChrisBidlack"]
[Black "MisterTibs"]
[Result "1-0"]
[WhiteElo "2014"]
[BlackElo "2333"]

1. a4 a5 2. h4 h5 3. e4 e5 4. Nf3 Nc6 5. c3 Nf6 6. g3 Bc5 7. Bc4 d6 8. Ng5 O-O
9. O-O g6 10. Kg2 Bg4 11. Be2 Bxe2 12. Qxe2 Qd7 13. d3 Rfe8 14. Be3 Bxe3 15.
fxe3 Kg7 16. Qf3 Re6 17. Nxe6+ Qxe6 18. Nd2 Ng4 19. Qe2 Re8 20. Rf2 d5 21. Raf1
Nxf2 22. Qxf2 dxe4 23. Nxe4 Qg4 24. Qxf7+ Kh6 25. Qxe8 1-0

[Event "Challenge"]
[Site "http://www.queenalice.com/game.php?id=1866397"]
[Date "2025.11.30"]
[Round "-"]
[White "ChrisBidlack"]
[Black "MisterTibs"]
[Result "0-1"]
[WhiteElo "2063"]
[BlackElo "2296"]

1. h4 h5 2. a4 a5 3. e4 e5 4. Nf3 Nc6 5. c3 Nf6 6. g3 Bc5 7. Bc4 d6 8. Ng5 O-O
9. O-O Bg4 10. Be2 Bxe2 11. Qxe2 Ng4 12. d3 Qd7 13. Kg2 Ne7 14. f3 Nf6 15. Be3
Bxe3 16. Qxe3 d5 17. Nd2 Rad8 18. Rad1 Qxa4 19. Qc5 Rd7 20. Ra1 Qc2 21. Qf2 Qxb2
22. Rfb1 Qxc3 23. Rxb7 Qxa1 24. Qa7 Qa2 25. Qf2 dxe4 26. fxe4 Rxd3 27. Kh3 Rxd2
28. Qg1 Ng4 29. Nf3 Rf2 30. Rb3 Qxb3 31. Nxe5 Qc2 32. Nf3 Rxf3 33. e5 Rf2 34. e6
Rh2+ 35. Qxh2 Qxh2# 0-1

[Event "Challenge"]
[Site "http://www.queenalice.com/game.php?id=1866947"]
[Date "2025.12.12"]
[Round "-"]
[White "ChrisBidlack"]
[Black "MisterTibs"]
[Result "0-1"]
[WhiteElo "2056"]
[BlackElo "2301"]

1. a4 a5 2. h4 h5 3. e4 e5 4. Nf3 Nc6 5. Bb5 d6 6. Bxc6+ bxc6 7. Nc3 Nf6 8. O-O
Be7 9. d3 Bg4 10. Ne2 Bxf3 11. gxf3 O-O 12. Kg2 d5 13. Rh1 d4 14. Bg5 g6 15. Qd2
Nh7 16. Bxe7 Qxe7 17. Ng3 Nf6 18. c4 Nd7 19. Rab1 Nc5 20. Kf1 Nxa4 21. Kg2 Nc5
22. Rbd1 a4 23. Qb4 Qd6 24. Rh3 Rfb8 25. Rg1 Rxb4 0-1

[Event "Challenge"]
[Site "http://www.queenalice.com/game.php?id=1867073"]
[Date "2025.12.15"]
[Round "-"]
[White "ChrisBidlack"]
[Black "MisterTibs"]
[Result "0-1"]
[WhiteElo "2041"]
[BlackElo "2314"]

1. a4 a5 2. h4 h5 3. e4 e5 4. Nf3 Nc6 5. Nc3 Nf6 6. d3 d5 7. exd5 Nxd5 8. Be2
Nxc3 9. bxc3 Bd6 10. Bg5 Be7 11. O-O O-O 12. Bxe7 Qxe7 13. g3 Bg4 14. Qd2 Rfe8
15. Ng5 Bxe2 16. Qxe2 g6 17. Rae1 Rad8 18. Qe4 Qd6 19. Re3 Qd5 20. c4 Qxe4 21.
Nxe4 Kg7 22. Rfe1 Nb4 23. R1e2 b6 24. Ng5 Nc6 25. Ne4 Nd4 26. Rd2 Nf5 27. Ree2
Nd4 28. Re3 Nf5 29. Re1 Nd4 30. Kg2 Nf5 31. c5 Rd4 32. cxb6 cxb6 33. Ra1 Red8
34. Nc3 Ne7 35. Ne2 R4d6 36. Rb1 Nd5 37. Rb5 f6 38. f3 Nb4 39. Nc3 Rc8 40. Rxb4
Rxc3 41. d4 axb4 42. Kf2 Rxd4 43. Re2 Rdc4 44. Kf1 Rxc2 45. Rg2 Rc1+ 0-1

[Event "Challenge"]
[Site "http://www.queenalice.com/game.php?id=1867122"]
[Date "2025.12.17"]
[Round "-"]
[White "ChrisBidlack"]
[Black "MisterTibs"]
[Result "0-1"]
[WhiteElo "2031"]
[BlackElo "2322"]

1. a4 a5 2. h4 h5 3. e4 e5 4. Nf3 Nc6 5. Bb5 d6 6. O-O Bd7 7. d3 Nf6 8. Bg5 Be7
9. c3 Ng4 10. Bxe7 Qxe7 11. Nbd2 Qe6 12. Ng5 Qe7 13. f3 Ne3 14. Qe2 Nxf1 15.
Rxf1 g6 16. Nc4 O-O 17. f4 exf4 18. Rxf4 Ne5 19. Qe3 Bxb5 20. axb5 Nxc4 21. dxc4
Rae8 22. b6 cxb6 23. Qxb6 a4 24. Qb5 Qe5 25. Qxe5 dxe5 26. Rf6 Rc8 27. Nf3 Rxc4
28. Rb6 Rxe4 29. Rxb7 Ra8 30. Nd2 Re2 31. Nc4 Re1+ 32. Kh2 Re4 33. Nd6 Rf4 34.
Kg3 a3 35. bxa3 Rxa3 36. Rc7 Ra6 37. Nxf7 Rxf7 38. Rc8+ Kg7 39. Rc5 Re7 40. c4
e4 41. Kf4 e3 42. Rb5 e2 43. Rb1 e1=Q 44. Rxe1 Rxe1 45. Kg5 Rf1 46. g4 Ra5+ 47.
c5 Rxc5# 0-1

[Event "Challenge"]
[Site "http://www.queenalice.com/game.php?id=1867307"]
[Date "2025.12.19"]
[Round "-"]
[White "ChrisBidlack"]
[Black "MisterTibs"]
[Result "0-1"]
[WhiteElo "2046"]
[BlackElo "2310"]

1. a4 a5 2. h4 h5 3. e4 e5 4. Nf3 Nc6 5. Nc3 Nf6 6. Bb5 d6 7. Bxc6+ bxc6 8. b3
Bg4 9. Qe2 g6 10. d3 Bg7 11. g3 O-O 12. Qe3 Bxf3 13. Qxf3 Ng4 14. Bg5 Bf6 15.
Bxf6 Nxf6 16. O-O Ng4 17. Rae1 Qd7 18. Nd1 c5 19. c4 Rab8 20. Ne3 Nxe3 21. Rxe3
Rxb3 22. Ra1 Rfb8 23. Kg2 Rb1 24. Ra2 R1b4 25. Ree2 Rxa4 26. Qf6 Rxa2 27. Re3
Rbb2 28. Rf3 Rd2 29. Qg5 Ra3 30. Qxd2 a4 31. Qb2 Rb3 32. Qc2 c6 33. Re3 Qb7 34.
Re1 Qb4 35. g4 Qxe1 36. Kf3 hxg4+ 37. Kxg4 Qg1+ 38. Kf3 Qh1+ 39. Kg4 Qg2# 0-1

[Event "Challenge"]
[Site "http://www.queenalice.com/game.php?id=1867315"]
[Date "2025.12.20"]
[Round "-"]
[White "ChrisBidlack"]
[Black "MisterTibs"]
[Result "0-1"]
[WhiteElo "2036"]
[BlackElo "2318"]

1. a4 a5 2. h4 h5 3. e4 e5 4. Bc4 Nf6 5. d3 d5 6. exd5 Nxd5 7. Nf3 Bg4 8. Nbd2
Be7 9. g3 Nc6 10. O-O O-O 11. Qe1 Bf6 12. Ne4 Bxf3 13. Kh2 Bxe4 14. Qxe4 Nb6 15.
b3 Nxc4 16. Qxc4 Qd4 17. c3 Qxc4 18. dxc4 e4 19. Bd2 Ne5 20. c5 Nf3+ 21. Kg2
Nxd2 22. Rfe1 Nxb3 23. Rab1 Nxc5 24. Rb5 b6 25. Kh3 Nxa4 26. c4 Nc5 27. Rbb1
Rad8 28. Rbd1 Rxd1 29. Rxd1 Rd8 30. Rxd8+ Bxd8 31. Kg2 a4 32. g4 hxg4 33. Kg3 a3
34. Kxg4 a2 35. h5 a1=Q 36. f4 Qg1+ 37. Kf5 e3 0-1

[Event "Challenge"]
[Site "http://www.queenalice.com/game.php?id=1868667"]
[Date "2026.1.30"]
[Round "-"]
[White "ChrisBidlack"]
[Black "MisterTibs"]
[Result "0-1"]
[WhiteElo "2027"]
[BlackElo "2325"]

1. a4 a5 2. h4 h5 3. e4 e5 4. Nf3 Nc6 5. Bb5 d6 6. Bxc6+ bxc6 7. O-O Nf6 8. d3
Bg4 9. Nbd2 Be7 10. Qe1 g6 11. Qe3 O-O 12. b3 c5 13. c4 Bxf3 14. Nxf3 Ng4 15.
Qe2 Bxh4 16. g3 Bf6 17. Kg2 Bg7 18. Bg5 Bf6 19. Bxf6 Nxf6 20. Nh4 Qd7 21. f4
exf4 22. Rxf4 Ng4 23. Raf1 Rab8 24. Nf3 Rxb3 25. Qc2 Rfb8 26. Nd2 Rb2 27. Qd1
Ne3+ 28. Kg1 Nxd1 29. Rxf7 Qxf7 30. Rxf7 Kxf7 31. Nf1 Nf2 32. g4 Nxg4 33. e5 Rb1
34. Kg2 R8b2+ 35. Kg1 Ne3 36. d4 Rxf1# 0-1